[Event "Nordea Cup 2005"]
[Site "Dianalund"]
[Date "2005.02.20"]
[Round "9"]
[White "Bromann, Thorbjorn"]
[Black "Christensen, Svend Ellegaard"]
[Result "1-0"]
[WhiteElo "2370"]
[BlackElo "2193"]
[PlyCount "83"]
[EventDate "2005.??.??"]


1. e4 e6 2. d4 d5 3. Nc3 Bb4 4. Bd3 dxe4 5. Bxe4 Nf6 6. Bf3 Nbd7 7. Nge2 c6 8.
a3 Bd6 9. Ng3 O-O 10. Nce4 Nxe4 11. Nxe4 Nf6 12. Nxd6 Qxd6 13. O-O e5 14. dxe5
Qxe5 15. Re1 Qf5 16. c4 a5 17. Qb3 Rb8 18. Qc3 Re8 19. Bd2 Rxe1+ 20. Rxe1 Be6
21. Qd4 a4 22. Qa7 Rd8 23. Bc3 b5 24. Bxc6 Bxc4 25. Qe7 Rf8 26. Bb4 Rc8 27. Bb7
h6 28. Bxc8 Qxc8 29. Bc3 Nd5 30. Qe8+ Qxe8 31. Rxe8+ Kh7 32. f3 f6 33. Kf2 Kg6
34. Rb8 h5 35. Rb7 h4 36. Bd2 Kh7 37. f4 f5 38. Be3 Nxe3 39. Kxe3 Kh6 40. Kd4
g5 41. Ke5 gxf4 42. Kxf4 1-0

[Event "Nordea Cup 2005"]
[Site "Dianalund"]
[Date "2005.02.20"]
[Round "9"]
[White "Hovmoller, Kristian"]
[Black "Rausis, Igors"]
[Result "1/2-1/2"]
[WhiteElo "2287"]
[BlackElo "2500"]
[PlyCount "111"]
[EventDate "2005.??.??"]


1. d4 d5 2. c4 e6 3. Nc3 Nf6 4. Bg5 Nbd7 5. cxd5 exd5 6. e3 Be7 7. Nf3 Nb6 8.
Qc2 Bg4 9. Ne5 Bh5 10. Bd3 c6 11. O-O Bg6 12. Na4 Bxd3 13. Nxd3 Ne4 14. Bxe7
Qxe7 15. Nac5 O-O 16. Nxe4 Qxe4 17. Rac1 Qe7 18. a4 Nc4 19. b3 Nd6 20. b4 a6
21. Nc5 Rae8 22. Rce1 Qd8 23. Re2 Re7 24. Rfe1 Rfe8 25. Qb3 g6 26. Nd3 Qd7 27.
Nf4 Qf5 28. Qb1 Qg5 29. Nd3 Nf5 30. Ne5 Nh4 31. f4 Qh6 32. b5 axb5 33. axb5 f6
34. Ng4 Qf8 35. bxc6 bxc6 36. Nf2 Nf5 37. Qd3 Re6 38. e4 Qb4 39. Rd1 dxe4 40.
Rxe4 Nxd4 41. Qxd4 Rxe4 42. Nxe4 Rxe4 43. Qxb4 Rxb4 44. Rd6 Rxf4 45. Rxc6 g5
46. g3 Rf5 47. Rc4 h5 48. g4 hxg4 49. Rxg4 Kf7 50. h4 Kg6 51. Ra4 Rb5 52. hxg5
Kxg5 53. Kf2 f5 54. Rc4 Rb3 55. Ra4 f4 56. Ra8 1/2-1/2

[Event "Nordea Cup 2005"]
[Site "Dianalund"]
[Date "2005.02.20"]
[Round "9"]
[White "Miezis, Normunds"]
[Black "Olsen, Heini"]
[Result "1/2-1/2"]
[WhiteElo "2547"]
[BlackElo "2345"]
[PlyCount "110"]
[EventDate "2005.??.??"]


1. c4 e5 2. Nc3 Nf6 3. g3 Bb4 4. Bg2 O-O 5. e4 Bxc3 6. dxc3 d6 7. Qe2 Nbd7 8.
Nf3 a6 9. O-O b5 10. Rd1 bxc4 11. Qxc4 a5 12. Qe2 Ba6 13. c4 a4 14. Rb1 Bb7 15.
Nh4 Nc5 16. Be3 Nfd7 17. Nf5 g6 18. Nh6+ Kh8 19. f4 Qe7 20. fxe5 Nxe5 21. Bd4
Ne6 22. Bc3 c5 23. Ng4 Nd4 24. Bxd4 cxd4 25. Rxd4 f5 26. exf5 Bxg2 27. Kxg2
Qb7+ 28. Rd5 Rae8 29. fxg6 Nxg6 30. Qd2 Qg7 31. h3 Re4 32. Kh1 Rxc4 33. Rxd6
Qb7+ 34. Qd5 Qxd5+ 35. Rxd5 Rc2 36. Kg1 Rf3 37. Rd8+ Kg7 38. Rd7+ Kg8 39. Rd8+
Kg7 40. Rd7+ Kg8 41. Nh6+ Kh8 42. Nf7+ Kg8 43. Nh6+ Kh8 44. Kh1 Ne5 45. Re7
Rff2 46. Rxe5 Rh2+ 47. Kg1 Rcg2+ 48. Kf1 Rc2 49. Re8+ Kg7 50. Nf5+ Kf7 51. Nd6+
Kg7 52. Kg1 Rcg2+ 53. Kf1 Rc2 54. Kg1 Rcg2+ 55. Kf1 Rc2 1/2-1/2

[Event "Nordea Cup 2005"]
[Site "Dianalund"]
[Date "2005.02.20"]
[Round "9"]
[White "Nielsen, Max"]
[Black "Naes, Flovin Tor"]
[Result "1/2-1/2"]
[WhiteElo "2270"]
[BlackElo "2302"]
[PlyCount "29"]
[EventDate "2005.??.??"]


1. e4 e5 2. Nf3 Nc6 3. Bb5 Nf6 4. d3 d6 5. O-O a6 6. Bxc6+ bxc6 7. Re1 c5 8.
Nbd2 g6 9. Nc4 Bg7 10. Bd2 O-O 11. a3 Be6 12. Ne3 Nd7 13. Nd5 c6 14. Nc3 h6 15.
h3 1/2-1/2